Advanced engineering mathematics (Record no. 2354)

000 -LEADER
fixed length control field 00457nam a22001937a 4500
001 - CONTROL NUMBER
control field 2354
003 - CONTROL NUMBER IDENTIFIER
control field BD-DhUET
008 - FIXED-LENGTH DATA ELEMENTS--GENERAL INFORMATION
fixed length control field 140922b xxu||||| |||| 00| 0 eng d
020 ## - INTERNATIONAL STANDARD BOOK NUMBER
International Standard Book Number 8121903459
040 ## - CATALOGING SOURCE
Transcribing agency 0
Modifying agency BD-DhUET
082 ## - DEWEY DECIMAL CLASSIFICATION NUMBER
Classification number 510
Item number DAS/2007
100 ## - MAIN ENTRY--PERSONAL NAME
Personal name Dass, H.K.
245 ## - TITLE STATEMENT
Title Advanced engineering mathematics
250 ## - EDITION STATEMENT
Edition statement 17th Rev. ed.
260 ## - PUBLICATION, DISTRIBUTION, ETC. (IMPRINT)
Place of publication, distribution, etc. Ram Nagar
Name of publisher, distributor, etc. S. Chand.
Date of publication, distribution, etc. 2007
300 ## - PHYSICAL DESCRIPTION
Extent xvi,1274p.
650 #0 - SUBJECT ADDED ENTRY--TOPICAL TERM
Topical term or geographic name as entry element Mathematics
942 ## - ADDED ENTRY ELEMENTS (KOHA)
Koha item type General Book
Holdings
Koha issues (times borrowed) Shelving location Date acquired Source of classification or shelving scheme Location (home branch) Not for loan Koha date last borrowed Lost status Koha normalized classification for sorting Koha full call number Copy number Damaged status Koha item type Price effective from Koha out on loan Piece designation (barcode) Sublocation or collection (holding branch) Withdrawn status Koha date last seen
3Circulation section2014-09-22 Central Library, BUET 2022-11-23 510DAS2007510/DAS/20071 General Book2014-09-22 103924Central Library, BUET 2023-05-06
6Circulation section2014-09-22 Central Library, BUET 2026-01-13 510DAS2007510/DAS/20072 General Book2014-09-222026-01-27103925Central Library, BUET 2026-01-13
4Circulation section2014-09-22 Central Library, BUET 2024-12-01 510DAS2007510/DAS/20073 General Book2014-09-22 103927Central Library, BUET 2025-02-10
3Circulation section2014-09-22 Central Library, BUET 2023-03-22 510DAS2007510/DAS/20074 General Book2014-09-22 103928Central Library, BUET 2023-06-05
1Circulation section2014-09-22 Central Library, BUET 2014-11-12 510DAS2007510/DAS/20075 General Book2014-09-22 103929Central Library, BUET 2016-02-24
2Circulation section2014-09-22 Central Library, BUET 2023-01-11 510DAS2007510/DAS/20077 General Book2014-09-22 103931Central Library, BUET 2023-02-28
3Circulation section2014-09-22 Central Library, BUET 2026-04-15 510DAS2007510/DAS/20076 General Book2014-09-22 103930Central Library, BUET 2026-05-09
2Circulation section2015-01-26 Central Library, BUET 2019-01-20 510_000000000000000_DAS_2007510/DAS/20078 General Book2015-01-26 103922Central Library, BUET 2019-03-31
2Circulation section2015-09-01 Central Library, BUET 2025-03-02 510DAS_2007_000000000000000510DAS/20079 General Book2015-09-01 103923Central Library, BUET 2025-04-07
11Circulation section2007-05-28 Central Library, BUET 2024-11-24 510_000000000000000_DAS_2007510/DAS/200710 General Book2017-05-292024-12-08103926Central Library, BUET 2024-11-24